000 00207 a2200097 4500
001 23123
100 _aBeg, A
245 _aGrass Roots Government
260 _a
_bPak Patriotic
_c1962
090 _c15663
_d15663
942 _aNUST-CAE
_cM
_c6295
999 _c258196
_d258196